Statistiques concernant Pokémon avec la plus grande Attaque - A-Z

Cliquez ici pour prendre le quiz!

Statistiques générales

  • Ce quiz a été pris 79 fois
  • Le résultat moyen est 7 sur 26

Statistiques - réponses

LettreAttaquePokémon% Correct
Y131Yveltal
71%
G150Groudon
67%
D180Deoxys (attaque)
62%
X131Xerneas
62%
M160Monaflèmit
49%
Z170Zacian (Épée Suprême)
49%
U130Ursaring
44%
K181Katagami
42%
R160Regigigas
40%
J100Jirachi | Judokrak
33%
C165Charkos
31%
N157Necrozma (Crinière du Couchant)
27%
H160Hoopa (Forme Déchaînée)
18%
T147Tranchodon
18%
A145Amphinobi (Sachanobi)
16%
W101Wattapik
16%
Q120Quartermac
11%
E140Exagide (Forme Assaut)
9%
I117Incisache
9%
S165Sylveroy (Cavalier de L'Effroi)
9%
B145Blizzeval
7%
F140Froussardine (Forme Banc)
7%
P135Palarticho
7%
O115Ohmassacre
4%
V110Volcanion
4%
L135Lançargot
2%

Distribution des résultats

Percentile par nombre de réponses

% des personnes avec chaque résultat

Votre développement - résultats

Vous n’avez pas pris ce quiz